000 00860cam a2200229 4500
001 ABS68055
008 040720n2004 000 0 eng u
035 _a(Sirsi) u126844
100 _aBower, A.
245 _aChanging the power landscape
260 _c2004
490 _aFarmers' Weekly
_v141(3) 16 July 2004, 72-73(2)
520 _aWind turbines are becoming common in the countryside and more are likely to appear as Britain sets out to achieve 10% of its energy production from renewable sources by 2010. Briefly examines the factors that help or hinder a landowner gaining planning permission to build a wind farm on their land.
590 _aABS
590 _aABS
650 _aWIND FARMS
650 _aRENEWABLE ENERGY SOURCES
650 _aENERGY POLICY
650 _aPLANNING PERMISSION
690 _aPLANNING-PRACTICE
942 _n0
999 _c117729
_d117729